00868nam a2200217 i 450000100060000000300090000600500170001500700030003200800410003510000430007624501080011926000730022730000370030049000390033765000310037670000330040783000470044085200210048799900170050895201250052554262ES-MaACL20250721144332.0t|931025s1866 fr f ||||1| spa d1 aFlammarion, Camille,d1842-192595111014aLas maravillas celestes / cpor Camilo Flammarion... ; traducida al español por E. Corona Martínez. aParis : bL. Hachette et Cie., c1866 (fImp. general de Ch. Lahure) aIV, 422, 6 p. : bil. ; c19 cm.1 aBiblioteca de las maravillas ; v1 7aAstronomía2embne9103861 aCorona Martínez, E.9406720 aBiblioteca de las maravillas ; v19182500 aES-MaACLjD-1562 c54262d54262 001040708LIBXIXaATENEOMbATENEOMcSVId2008-01-17eSCl0oD-1562p901057022r2023-02-23 00:00:00w2023-02-23yMONANT